| 000 | 00618nam a22002057a 4500 | ||
|---|---|---|---|
| 003 | 0 | ||
| 005 | 20241009160752.0 | ||
| 008 | 241009b xxu||||| |||| 00| 0 eng d | ||
| 020 | _a9781534417571 | ||
| 050 |
_aPZ 7 _b.M473 2021 |
||
| 100 |
_aMenon, Sandhya, _eauthor. |
||
| 245 |
_aOf princes and promises : _ba Rosetta Academy novel / _cSandhya Menon. |
||
| 250 | _a1st ed. | ||
| 260 |
_aNew York : _bSimon & Schuster Books for Young Readers, _c2021. |
||
| 300 |
_a310 p. : _bill. ; _c22 cm. |
||
| 650 |
_aLove _vFiction. |
||
| 650 |
_aPopularity _vFiction. |
||
| 650 |
_aSelf-acceptance _vFiction. |
||
| 942 |
_2lcc _cBK |
||
| 999 |
_c366479 _d366479 |
||